Sports Quiz

Random Sports or World Cup Quiz

England World Cup Squads by any 3 letters Quiz Stats

 Plays Quiz not verified by Sporcle

Challenge
Share
Tweet
Embed
Score 0/290 Timer 07:00
0 Plays Today
World Cup Player % Correct
2014Raheem Sterling
98.2%
1958Bobby Charlton
97.5%
1962Bobby Charlton
97.5%
1966Jack Charlton
97.5%
1966Bobby Charlton
97.5%
1970Bobby Charlton
97.5%
1970Jack Charlton
97.5%
2014Fraser Forster
96.5%
1982Steve Foster
96.3%
1998Teddy Sheringham
96.3%
2002Teddy Sheringham
96.3%
2014Ben Foster
96.3%
1966Martin Peters
95.4%
1970Martin Peters
95.4%
2006Paul Robinson
95.3%
2014Alex Oxlade Chamberlain
95.3%
1958Alan Hodgkinson
95.1%
1962Alan Hodgkinson
95.1%
1982Trevor Brooking
94.9%
2014Chris Smalling
94.9%
1958Bobby Robson
94.6%
1962Bobby Robson
94.6%
1982Bryan Robson
94.6%
1986Bryan Robson
94.6%
1990Bryan Robson
94.6%
2006Scott Carson
94.5%
2014Jack Wilshere
94.3%
1962Ray Wilson
94.2%
1966Ray Wilson
94.2%
1958Maurice Setters
93.4%
2014Jordan Henderson
93.3%
2010Glen Johnson
93.1%
2014Glen Johnson
93.1%
1962Stan Anderson
93%
1982Viv Anderson
93%
1986Viv Anderson
93%
1966Norman Hunter
92.8%
1970Norman Hunter
92.8%
1954Jimmy Dickinson
92.3%
1958Eddie Hopkinson
91.6%
1998David Beckham
91.4%
2002David Beckham
91.4%
2006David Beckham
91.4%
1998Darren Anderton
91.3%
2006John Terry
91.3%
2010John Terry
91.3%
1958Bill Slater
91.1%
1982Peter Shilton
91%
1986Peter Shilton
91%
1990Peter Shilton
91%
1998Paul Merson
90.4%
1998Les Ferdinand
89.3%
1998Rio Ferdinand
89.3%
2002Rio Ferdinand
89.3%
2006Rio Ferdinand
89.3%
2010Michael Dawson
88.1%
1958Alan A'Court
87.7%
2002Owen Hargreaves
87.6%
2006Owen Hargreaves
87.6%
2010Matthew Upson
87.6%
1982Phil Thompson
87%
2006Steven Gerrard
86.2%
2010Steven Gerrard
86.2%
2014Steven Gerrard
86.2%
2006Frank Lampard
86.1%
2010Frank Lampard
86.1%
2014Frank Lampard
86.1%
2010Shaun Wright Phillips
85.6%
1982Paul Mariner
85.5%
1970Alex Stepney
85.3%
2006Wayne Rooney
85.3%
2010Wayne Rooney
85.3%
2014Wayne Rooney
85.3%
1982Mick Mills
85%
2002Danny Mills
85%
1998David Seaman
84.8%
2002David Seaman
84.8%
1998Alan Shearer
84.5%
2014Ross Barkley
84.5%
2006Jamie Carragher
83.8%
2010Jamie Carragher
83.8%
1998Paul Scholes
83.5%
2002Paul Scholes
83.5%
2010Ledley King
83.2%
1982Terry Butcher
83%
1986Terry Butcher
83%
1990Terry Butcher
83%
1998Sol Campbell
83%
2002Sol Campbell
83%
2006Sol Campbell
83%
2014Adam Lallana
81.9%
1962Ron Flowers
81.6%
1966Ron Flowers
81.6%
1998Tim Flowers
81.6%
2014Rickie Lambert
81.6%
1986John Barnes
81.5%
1990John Barnes
81.5%
World Cup Player % Correct
1986Peter Beardsley
81.2%
1990Peter Beardsley
81.2%
1998Steve McManaman
81.2%
2006Michael Carrick
81%
2010Michael Carrick
81%
1986Alvin Martin
80.6%
1954Dennis Wilshaw
80.4%
2006Stewart Downing
80.4%
2014Phil Jones
80.4%
2010Joe Hart
79.8%
2014Joe Hart
79.8%
1954Allenby Chilton
79.6%
1986Gary Lineker
79.6%
1990Gary Lineker
79.6%
2014Gary Cahill
79.3%
1962George Eastham
79.2%
1966George Eastham
79.2%
1986Gary Stevens
79.2%
1986Gary Stevens
79.2%
1990Gary Stevens
79.2%
1958Ronnie Clayton
79%
2010Gareth Barry
78.9%
1998Gary Neville
78.7%
2006Gary Neville
78.7%
1990Des Walker
78.4%
1998Nigel Martyn
78.1%
2002Nigel Martyn
78.1%
1986Trevor Steven
77.9%
1990Trevor Steven
77.9%
1958Peter Brabrook
77.5%
1962Ron Springett
77.5%
1966Ron Springett
77.5%
1966Nobby Stiles
77.3%
1970Nobby Stiles
77.3%
2010James Milner
77.3%
2014James Milner
77.3%
1962Jimmy Greaves
77%
1966Jimmy Greaves
77%
1970Keith Newton
76.4%
1982Ray Wilkins
75.8%
1986Ray Wilkins
75.8%
1966Alan Ball
75.5%
1970Alan Ball
75.5%
1954Ken Green
74.1%
2010Robert Green
74.1%
1990Paul Parker
73.7%
1986Gary Bailey
73%
2014Leighton Baines
72%
2014Danny Welbeck
71.2%
1958Maurice Norman
70.9%
1962Maurice Norman
70.9%
1954Gil Merrick
70.6%
1958Peter Broadbent
70.6%
2002Ashley Cole
70.6%
2002Joe Cole
70.6%
2006Ashley Cole
70.6%
2006Joe Cole
70.6%
2010Ashley Cole
70.6%
2010Joe Cole
70.6%
1970Colin Bell
69.7%
2006Theo Walcott
69.7%
1954Jimmy Mullen
69.2%
1958Eddie Clamp
68.9%
2014Daniel Sturridge
68.6%
1966Ian Callaghan
67.8%
2002Darius Vassell
67.8%
1962Gerry Hitchens
67.7%
1986Mark Hateley
67.4%
1990Dave Beasant
67.2%
1970Alan Mullery
66.8%
2002Trevor Sinclair
66.3%
2002David James
65.8%
2006David James
65.8%
2010David James
65.8%
1958Peter Sillett
65.1%
1954Syd Owen
64.3%
1998Michael Owen
64.3%
2002Michael Owen
64.3%
2006Michael Owen
64.3%
1962John Connelly
63.1%
1966John Connelly
63.1%
1966Peter Bonetti
62.9%
1970Peter Bonetti
62.9%
1954Stanley Matthews
62.3%
2002Wes Brown
62.3%
1954Tom Finney
62.2%
1958Tom Finney
62.2%
2014Luke Shaw
61.3%
1958Tommy Banks
60.6%
1962Bobby Moore
60.6%
1962Gordon Banks
60.6%
1966Gordon Banks
60.6%
1966Bobby Moore
60.6%
1970Gordon Banks
60.6%
1970Bobby Moore
60.6%
1982Steve Coppell
60.3%
2002Robbie Fowler
59.9%
World Cup Player % Correct
2002Nicky Butt
59.3%
1982Tony Woodcock
59.1%
1958Bobby Smith
58.2%
1954Ron Staniforth
57.6%
1982Terry McDermott
57.6%
1954Billy Wright
57.4%
1958Billy Wright
57.4%
1970Tommy Wright
57.4%
1990Mark Wright
57.4%
1998Tony Adams
57%
1982Ray Clemence
55.7%
1998Graeme Le Saux
55.7%
2002Wayne Bridge
55.4%
2006Wayne Bridge
55.4%
1954Albert Quixall
55%
1966George Cohen
55%
1998Gareth Southgate
54.8%
2002Gareth Southgate
54.8%
1970Brian Labone
54.5%
1954Ivor Broadis
54.2%
1958Don Howe
54.1%
1962Don Howe
54.1%
1966Geoff Hurst
53.1%
1970Geoff Hurst
53.1%
1970Emlyn Hughes
53.1%
1990Steve Bull
51.8%
1962Roger Hunt
51.6%
1966Roger Hunt
51.6%
1990Paul Gascoigne
51.5%
2002Emile Heskey
51%
2010Emile Heskey
51%
1954Johnny Haynes
50.5%
1958Johnny Haynes
50.5%
1962Johnny Haynes
50.5%
1982Kevin Keegan
50.5%
1986Chris Woods
50.4%
1990Chris Woods
50.4%
1954Bedford Jezzard
50.2%
1982Glenn Hoddle
50.1%
1986Glenn Hoddle
50.1%
2006Peter Crouch
50.1%
2010Peter Crouch
50.1%
2006Aaron Lennon
49.8%
2010Aaron Lennon
49.8%
1982Joe Corrigan
49.2%
1962Alan Peacock
48.2%
1954Nat Lofthouse
47.9%
1958Colin McDonald
47.6%
1954Ken Armstrong
47.3%
1998Martin Keown
47%
2002Martin Keown
47%
1986Steve Hodge
46.7%
1990Steve Hodge
46.7%
1970Francis Lee
46.4%
1998Rob Lee
46.4%
2014Phil Jagielka
46.4%
1998David Batty
45.8%
1970Allan Clarke
44.6%
1990David Platt
44.6%
1986Chris Waddle
44.4%
1990Chris Waddle
44.4%
1982Peter Withe
44.3%
1970Terry Cooper
44%
1990Stuart Pearce
44%
1982Kenny Sansom
42%
1986Kenny Sansom
42%
2010Jermain Defoe
42%
1986Terry Fenwick
41.8%
1954Bill McGarry
40.7%
2010Stephen Warnock
40.4%
1962Jimmy Armfield
40%
1966Jimmy Armfield
40%
1966Terry Paine
38.7%
1970Jeff Astle
38.6%
1982Trevor Francis
38.4%
1998Paul Ince
37.5%
1990Steve McMahon
37.2%
1954Harry Hooper
36.3%
1986Kerry Dixon
32.5%
2006Jermaine Jenas
32.3%
1970Peter Osgood
32%
2002Kieron Dyer
31.7%
1954Tommy Taylor
25%
1958Derek Kevan
24.5%
1962Derek Kevan
24.5%
1990Tony Dorigo
24.3%
1954Ted Burgin
23.4%
1982Phil Neal
21.3%
1958Bryan Douglas
19.6%
1962Bryan Douglas
19.6%
1986Peter Reid
19.1%
1990Neil Webb
17%
1954Roger Byrne
15.5%
1966Gerry Byrne
15.5%
1962Peter Swan
13.9%
1982Graham Rix
9.2%

You're not logged in!

Compare scores with friends on all Sporcle quizzes.
OR
Log In

You Might Also Like...

Show Comments

Extras

Top Quizzes Today


Score Distribution

Your Account Isn't Verified!

In order to create a playlist on Sporcle, you need to verify the email address you used during registration. Go to your Sporcle Settings to finish the process.

Report this User

Report this user for behavior that violates our Community Guidelines.

Details: